000 00373nam a2200121 4500
999 _c13756
_d13756
008 190403b ||||| |||| 00| 0 eng d
100 _938233
_aQuismorio, Ellson A.
245 _aAlarm sounded over NHA housing projects/
_cEllson A. Quismorio
260 _aPhilippines:
_bManila Bulletin;
_cc2018.
300 _apage 2.
650 0 _938234
_aPublic welfare.
942 _2ddc
_cPER